<?xml version="1.0" encoding="UTF-8"?>
<record
    xmlns:xsi="http://www.w3.org/2001/XMLSchema-instance"
    xsi:schemaLocation="http://www.loc.gov/MARC21/slim http://www.loc.gov/standards/marcxml/schema/MARC21slim.xsd"
    xmlns="http://www.loc.gov/MARC21/slim">

  <leader>00375nam a2200133Ia 4500</leader>
  <datafield tag="020" ind1=" " ind2=" ">
    <subfield code="a">978-979-518-550-5</subfield>
  </datafield>
  <datafield tag="084" ind1=" " ind2=" ">
    <subfield code="a">128-0207 SYA Gov Bo.1</subfield>
  </datafield>
  <datafield tag="100" ind1=" " ind2=" ">
    <subfield code="a">Inu Kencana Syafi'ie</subfield>
  </datafield>
  <datafield tag="245" ind1=" " ind2="0">
    <subfield code="a">Sistem Pemerintahan Indonesia</subfield>
  </datafield>
  <datafield tag="260" ind1=" " ind2=" ">
    <subfield code="a">Jakarta</subfield>
    <subfield code="b">Rineka Cipta</subfield>
    <subfield code="c">2011</subfield>
  </datafield>
  <datafield tag="300" ind1=" " ind2=" ">
    <subfield code="a">i-x + 140 hlm</subfield>
  </datafield>
  <datafield tag="650" ind1=" " ind2=" ">
    <subfield code="a">Government, Pemerintahan</subfield>
    <subfield code="e">G-O-V</subfield>
    <subfield code="v">Sistem Pemerintahan</subfield>
  </datafield>
  <datafield tag="942" ind1=" " ind2=" ">
    <subfield code="c">BK</subfield>
    <subfield code="0">2</subfield>
  </datafield>
  <datafield tag="999" ind1=" " ind2=" ">
    <subfield code="c">23033</subfield>
    <subfield code="d">23024</subfield>
  </datafield>
  <datafield tag="952" ind1=" " ind2=" ">
    <subfield code="0">0</subfield>
    <subfield code="1">0</subfield>
    <subfield code="4">0</subfield>
    <subfield code="7">0</subfield>
    <subfield code="a">FUML</subfield>
    <subfield code="b">FUML</subfield>
    <subfield code="c">SHELF</subfield>
    <subfield code="d">2023-07-17</subfield>
    <subfield code="g">7.00</subfield>
    <subfield code="l">0</subfield>
    <subfield code="o">128-0207 SYA Gov Bo.1</subfield>
    <subfield code="p">128020701</subfield>
    <subfield code="r">2023-07-17</subfield>
    <subfield code="t">2</subfield>
    <subfield code="w">2023-07-17</subfield>
    <subfield code="y">BK</subfield>
    <subfield code="z">Sumbangan Dari Joko Susilo Mahasiswa PS Ilmu Pemerintahan</subfield>
  </datafield>
  <datafield tag="952" ind1=" " ind2=" ">
    <subfield code="0">0</subfield>
    <subfield code="1">0</subfield>
    <subfield code="4">0</subfield>
    <subfield code="7">0</subfield>
    <subfield code="a">FUML</subfield>
    <subfield code="b">FUML</subfield>
    <subfield code="c">SHELF</subfield>
    <subfield code="d">2023-07-17</subfield>
    <subfield code="l">0</subfield>
    <subfield code="o">128-0207 SYA Gov Bo.1</subfield>
    <subfield code="p">128020702</subfield>
    <subfield code="r">2023-07-17</subfield>
    <subfield code="w">2023-07-17</subfield>
    <subfield code="y">BK</subfield>
    <subfield code="z">Sumbangan Dari Joko Susilo Mahasiswa PS Ilmu Pemerintahan</subfield>
  </datafield>
  <datafield tag="952" ind1=" " ind2=" ">
    <subfield code="0">0</subfield>
    <subfield code="1">0</subfield>
    <subfield code="4">0</subfield>
    <subfield code="7">0</subfield>
    <subfield code="a">FUML</subfield>
    <subfield code="b">FUML</subfield>
    <subfield code="d">2024-11-04</subfield>
    <subfield code="l">2</subfield>
    <subfield code="o">128-0207 SYA Gov Bo.1	</subfield>
    <subfield code="p">128020703</subfield>
    <subfield code="r">2024-11-26</subfield>
    <subfield code="s">2024-11-19</subfield>
    <subfield code="w">2024-11-04</subfield>
    <subfield code="y">BK</subfield>
  </datafield>
</record>
